000 00517nam a2200193Ia 4500
005 20250206040816.0
008 240331s9999 xx 000 0 und d
020 _a0415921287
082 _bPUR
_22954
_a305.4
100 _aPuri, J
245 0 _aWoman, Body, Desire in Post-Colonial India:
_bNarratives of Gender and Sexuality
260 _aLondon;
_aNew York
_bRoutledge
_c1999
300 _axiv, 234 p.,
650 _aWomen
650 _aPost-Colonialism
650 _aGender
650 _aSexuality
942 _cL
999 _c1690
_d1690